[Event "43. Olimpiada Batumi 2018 Femenina"]
[Site "Batumi GEO"]
[Date "2018.09.24"]
[Round "1.2"]
[White "Hoolt, Sarah"]
[Black "Aleksandrova, Aleksandra"]
[Result "1-0"]
[WhiteElo "2355"]
[BlackElo "1801"]
[PlyCount "89"]
[EventDate "2018.09.24"]
[EventType "team-swiss"]
[EventRounds "11"]
[EventCountry "GEO"]
[SourceTitle "Ajedrez en Madrid"]
[Source "lmi"]
[SourceDate "2018.09.24"]
[WhiteTeam "Germany"]
[BlackTeam "IPCA"]
[WhiteTeamCountry "GER"]

1. d4 d5 2. c4 e6 3. Nf3 Nd7 4. g3 c6 5. Bg2 Ngf6 6. O-O Bd6 7. Nfd2 h5 8. Nc3
h4 9. e4 dxe4 10. Ndxe4 Be7 11. Re1 Nxe4 12. Nxe4 hxg3 13. hxg3 Nb6 14. b3 f5
15. Nc5 Bxc5 16. dxc5 Qxd1 17. Rxd1 Nd7 18. Bg5 Kf7 19. b4 e5 20. f3 Rh5 21. f4
Rh8 22. Rd6 e4 23. Bf1 Nf6 24. Bxf6 gxf6 25. b5 cxb5 26. Rb1 Ke7 27. Rxb5 Rd8
28. Rd5 Rxd5 29. cxd5 Kd7 30. Rb2 Kc7 31. Rh2 Bd7 32. Rh7 a6 33. Bh3 Rg8 34.
Bxf5 Rxg3+ 35. Kh2 Rc3 36. Rxd7+ Kb8 37. Rd8+ Ka7 38. Bxe4 Rxc5 39. d6 Rc4 40.
d7 Rxe4 41. Ra8+ Kxa8 42. d8=Q+ Ka7 43. Qxf6 Re2+ 44. Kg3 Rxa2 45. Qd4+ 1-0

[Event "43. Olimpiada Batumi 2018 Femenina"]
[Site "Batumi GEO"]
[Date "2018.09.24"]
[Round "1.3"]
[White "Kaydanovich, Marina"]
[Black "Schleining, Zoya"]
[Result "0-1"]
[WhiteElo "1725"]
[BlackElo "2370"]
[PlyCount "45"]
[EventDate "2018.09.24"]
[EventType "team-swiss"]
[EventRounds "11"]
[EventCountry "GEO"]
[SourceTitle "Ajedrez en Madrid"]
[Source "lmi"]
[SourceDate "2018.09.24"]
[WhiteTeam "IPCA"]
[BlackTeam "Germany"]
[BlackTeamCountry "GER"]

1. d4 Nf6 2. c4 e6 3. Nc3 Bb4 4. a3 Bxc3+ 5. bxc3 c5 6. e3 d6 7. Bd3 Nc6 8. Ne2
e5 9. f3 O-O 10. d5 e4 11. dxc6 exd3 12. Qxd3 bxc6 13. e4 Ba6 14. Bg5 Qe7 15.
O-O Qe6 16. Rfd1 Bxc4 17. Qe3 Rfe8 18. Ng3 h6 19. Bf4 Rad8 20. Nf1 Bxf1 21.
Rxf1 Nh5 22. Bg3 f5 23. Bf2 0-1

[Event "43. Olimpiada Batumi 2018 Femenina"]
[Site "Batumi GEO"]
[Date "2018.09.24"]
[Round "1.4"]
[White "Fuchs, Judith"]
[Black "Sovietova, Kateryna"]
[Result "1-0"]
[WhiteElo "2274"]
[BlackElo "1353"]
[PlyCount "123"]
[EventDate "2018.09.24"]
[EventType "team-swiss"]
[EventRounds "11"]
[EventCountry "GEO"]
[SourceTitle "Ajedrez en Madrid"]
[Source "lmi"]
[SourceDate "2018.09.24"]
[WhiteTeam "Germany"]
[BlackTeam "IPCA"]
[WhiteTeamCountry "GER"]

1. b3 Nf6 2. Bb2 g6 3. Bxf6 exf6 4. c4 Bg7 5. Nc3 O-O 6. g3 f5 7. Rc1 d6 8. Bg2
c6 9. e3 Be6 10. Nge2 Nd7 11. O-O Nb6 12. Nf4 d5 13. cxd5 cxd5 14. d4 a6 15. h4
Rc8 16. Qf3 Qd7 17. Ncxd5 Nxd5 18. Nxd5 Bxd5 19. Qxd5 Qxd5 20. Bxd5 Rb8 21. Rc7
b6 22. Rfc1 b5 23. Rd7 Rbd8 24. Bxf7+ Kh8 25. Rxd8 Rxd8 26. Rc6 Ra8 27. Bd5 Rd8
28. Rxa6 Rxd5 29. Ra8+ Bf8 30. Rxf8+ Kg7 31. Rc8 b4 32. Rb8 Ra5 33. Rxb4 Rxa2
34. Rb7+ Kh8 35. b4 Kg8 36. b5 Ra1+ 37. Kg2 Rb1 38. b6 h5 39. Rb8+ Kf7 40. b7
Ke7 41. Rh8 Ke6 42. b8=Q Rxb8 43. Rxb8 Kf6 44. Rb6+ Kf7 45. Kf3 Kg7 46. Kf4 Kf7
47. Kg5 Ke7 48. Kxg6 Kd7 49. Kxf5 Kc7 50. Rh6 Kd7 51. Ke5 Kc7 52. Kd5 Kb7 53.
Kc5 Ka7 54. Kb5 Kb7 55. Rh7+ Kc8 56. Kc6 Kd8 57. Ra7 Ke8 58. Kd6 Kf8 59. Ke6
Kg8 60. Kf6 Kh8 61. Kg6 Kg8 62. Ra8# 1-0

[Event "43. Olimpiada Batumi 2018 Femenina"]
[Site "Batumi GEO"]
[Date "2018.09.24"]
[Round "1.1"]
[White "Castrillon Gomez, Melissa"]
[Black "Ravelomanana, Sabine"]
[Result "1-0"]
[WhiteElo "2248"]
[BlackElo "1821"]
[PlyCount "85"]
[EventDate "2018.09.24"]
[EventType "team-swiss"]
[EventRounds "11"]
[EventCountry "GEO"]
[SourceTitle "Ajedrez en Madrid"]
[Source "lmi"]
[SourceDate "2018.09.24"]
[WhiteTeam "Colombia"]
[BlackTeam "Madagascar"]
[WhiteTeamCountry "COL"]
[BlackTeamCountry "MAD"]

1. e4 e5 2. Nf3 Nc6 3. Bb5 a6 4. Ba4 Nf6 5. O-O Be7 6. Bxc6 dxc6 7. d3 Nd7 8.
Nbd2 O-O 9. Nc4 f6 10. Ne3 Nc5 11. Nh4 g6 12. Nf3 Ne6 13. h3 Nf4 14. Ng4 Bxg4
15. hxg4 Qd7 16. Ne1 Rad8 17. g3 Ne6 18. Ng2 Bc5 19. Ne3 Ng5 20. Kg2 Rf7 21.
Qe2 h5 22. f4 exf4 23. gxf4 Bxe3 24. Bxe3 Ne6 25. gxh5 gxh5 26. Qxh5 Rh7 27.
Qf5 Nd4 28. Qxd7 Rdxd7 29. Bxd4 Rxd4 30. f5 c5 31. Rh1 c4 32. Rxh7 Kxh7 33. Rd1
c5 34. Kf3 Kg7 35. Ke3 b5 36. c3 Rd6 37. d4 Kf7 38. Rh1 cxd4+ 39. cxd4 Kg7 40.
e5 fxe5 41. dxe5 Rd3+ 42. Ke4 Rd2 43. f6+ 1-0

[Event "43. Olimpiada Batumi 2018 Femenina"]
[Site "Batumi GEO"]
[Date "2018.09.24"]
[Round "1.2"]
[White "Razafindrabiaza, Christine"]
[Black "Rivera, Ingris"]
[Result "0-1"]
[WhiteElo "1668"]
[BlackElo "2227"]
[PlyCount "78"]
[EventDate "2018.09.24"]
[EventType "team-swiss"]
[EventRounds "11"]
[EventCountry "GEO"]
[SourceTitle "Ajedrez en Madrid"]
[Source "lmi"]
[SourceDate "2018.09.24"]
[WhiteTeam "Madagascar"]
[BlackTeam "Colombia"]
[WhiteTeamCountry "MAD"]
[BlackTeamCountry "COL"]

1. d4 Nf6 2. Nf3 g6 3. Bg5 Bg7 4. e3 O-O 5. Bd3 d6 6. h3 c5 7. Nc3 Nc6 8. dxc5
dxc5 9. O-O Be6 10. Qe2 Qb6 11. Rab1 Rfd8 12. Bc4 Na5 13. Bxe6 Qxe6 14. a3 Rac8
15. e4 h6 16. Bxf6 Bxf6 17. e5 Bg7 18. Rfe1 Nc6 19. Rbd1 Rxd1 20. Nxd1 Rd8 21.
Nc3 Nd4 22. Qe4 b6 23. Nxd4 Rxd4 24. Qa8+ Kh7 25. Qxa7 Bxe5 26. Kh1 Rh4 27. Re3
Qd6 28. Ne2 Qd1+ 29. Ng1 Bd6 30. Rd3 Qf1 31. Rxd6 Re4 32. Kh2 Qxf2 33. Rd8 Re1
34. Nf3 Re2 35. Rh8+ Kxh8 36. Qb8+ Kg7 37. Qg3 Qxg3+ 38. Kxg3 Rxc2 39. b3 Rb2
0-1

[Event "43. Olimpiada Batumi 2018 Femenina"]
[Site "Batumi GEO"]
[Date "2018.09.24"]
[Round "1.3"]
[White "Rodriguez Rueda, Paula Andrea"]
[Black "Raharimanana, Faratiana"]
[Result "1-0"]
[WhiteElo "2298"]
[BlackElo "1660"]
[PlyCount "107"]
[EventDate "2018.09.24"]
[EventType "team-swiss"]
[EventRounds "11"]
[EventCountry "GEO"]
[SourceTitle "Ajedrez en Madrid"]
[Source "lmi"]
[SourceDate "2018.09.24"]
[WhiteTeam "Colombia"]
[BlackTeam "Madagascar"]
[WhiteTeamCountry "COL"]
[BlackTeamCountry "MAD"]

1. d4 d5 2. c4 c6 3. Nf3 Nf6 4. Nc3 e6 5. e3 Nbd7 6. Bd3 dxc4 7. Bxc4 b5 8. Bd3
a6 9. O-O c5 10. b3 Bb7 11. Bb2 cxd4 12. Nxd4 Bc5 13. Rc1 O-O 14. Bb1 Rc8 15.
Qe2 Qe7 16. Rfd1 Rfd8 17. h3 Nf8 18. Nf3 Rxd1+ 19. Nxd1 Bb6 20. Rxc8 Bxc8 21.
Bd4 Bxd4 22. Nxd4 Bb7 23. Nb2 Nd5 24. Qd2 Qb4 25. Qxb4 Nxb4 26. a3 Nd5 27. Nd3
Nd7 28. b4 Nb8 29. Nc5 Bc8 30. Bc2 h6 31. e4 Nb6 32. Bb3 Kf8 33. e5 Ke7 34. f4
Nd5 35. Bxd5 exd5 36. f5 g6 37. g4 Kf8 38. Kf2 Nd7 39. Nxd7+ Bxd7 40. Ke3 gxf5
41. Nxf5 h5 42. Kd4 hxg4 43. hxg4 Be6 44. Kc5 Ke8 45. Ne3 Kd8 46. g5 Kd7 47.
Nxd5 Bxd5 48. Kxd5 Ke7 49. Kc6 Ke6 50. Kb6 Kxe5 51. Kxa6 Kf5 52. Kxb5 Kxg5 53.
Kc4 f5 54. Kd3 1-0

[Event "43. Olimpiada Batumi 2018 Femenina"]
[Site "Batumi GEO"]
[Date "2018.09.24"]
[Round "1.4"]
[White "Andriantsiferana, Irina"]
[Black "Franco Valencia, Angela"]
[Result "0-1"]
[WhiteElo "1540"]
[BlackElo "2188"]
[PlyCount "60"]
[EventDate "2018.09.24"]
[EventType "team-swiss"]
[EventRounds "11"]
[EventCountry "GEO"]
[SourceTitle "Ajedrez en Madrid"]
[Source "lmi"]
[SourceDate "2018.09.24"]
[WhiteTeam "Madagascar"]
[BlackTeam "Colombia"]
[WhiteTeamCountry "MAD"]
[BlackTeamCountry "COL"]

1. e4 e5 2. Nf3 Nc6 3. Bc4 Bc5 4. d3 Nf6 5. h3 h6 6. O-O O-O 7. c3 Bb6 8. Re1
d6 9. Nbd2 a6 10. Nf1 Na5 11. Bb3 Nxb3 12. Qxb3 Be6 13. Qc2 c6 14. Be3 Nh5 15.
d4 Bc7 16. Qd1 Nf4 17. Bxf4 exf4 18. d5 cxd5 19. exd5 Bd7 20. Qd4 g5 21. c4 Bb6
22. Qd3 Qf6 23. N1d2 Bf5 24. Qb3 Ba5 25. Re2 b5 26. cxb5 axb5 27. Rae1 h5 28.
Qxb5 g4 29. hxg4 hxg4 30. Nh2 Qg6 0-1

[Event "43. Olimpiada Batumi 2018 Femenina"]
[Site "Batumi GEO"]
[Date "2018.09.24"]
[Round "1.1"]
[White "Nouman, Amna"]
[Black "Ryjanova, Julia"]
[Result "0-1"]
[WhiteElo "1909"]
[BlackElo "2330"]
[PlyCount "72"]
[EventDate "2018.09.24"]
[EventType "team-swiss"]
[EventRounds "11"]
[EventCountry "GEO"]
[SourceTitle "Ajedrez en Madrid"]
[Source "lmi"]
[SourceDate "2018.09.24"]
[WhiteTeam "United Arab Emirates"]
[BlackTeam "Australia"]
[WhiteTeamCountry "UAE"]
[BlackTeamCountry "AUS"]

1. e4 c5 2. Nf3 Nc6 3. Bb5 e6 4. O-O Nge7 5. Re1 a6 6. Bf1 d5 7. exd5 Nxd5 8.
Nc3 Be7 9. Nxd5 Qxd5 10. d3 b6 11. g3 Bb7 12. Bg2 Nd4 13. Nh4 Qd7 14. Bxb7 Qxb7
15. c3 Nc6 16. Nf3 Rd8 17. Qe2 O-O 18. Bf4 Bf6 19. Rad1 Rd7 20. g4 g6 21. h4
Rd5 22. Rd2 h5 23. g5 Bg7 24. Qe4 Rfd8 25. Red1 Qd7 26. Bg3 b5 27. Bf4 b4 28.
c4 Rf5 29. Be3 Qc7 30. Kg2 Kh7 31. Kg1 Bd4 32. Re2 Rd7 33. Kg2 a5 34. Bc1 a4
35. Nh2 Bxf2 36. Nf3 Qg3+ 0-1

[Event "43. Olimpiada Batumi 2018 Femenina"]
[Site "Batumi GEO"]
[Date "2018.09.24"]
[Round "1.2"]
[White "Zhang, Jilin"]
[Black "Al Maamari, Wafia Darwish"]
[Result "1-0"]
[WhiteElo "2224"]
[BlackElo "1774"]
[PlyCount "59"]
[EventDate "2018.09.24"]
[EventType "team-swiss"]
[EventRounds "11"]
[EventCountry "GEO"]
[SourceTitle "Ajedrez en Madrid"]
[Source "lmi"]
[SourceDate "2018.09.24"]
[WhiteTeam "Australia"]
[BlackTeam "United Arab Emirates"]
[WhiteTeamCountry "AUS"]
[BlackTeamCountry "UAE"]

1. e4 c5 2. Nf3 Nc6 3. Bb5 g6 4. Bxc6 dxc6 5. d3 Bg7 6. h3 Nf6 7. O-O O-O 8.
Nc3 Qc7 9. Be3 b6 10. Qd2 Rd8 11. Bf4 Qd7 12. Qe3 Nh5 13. Be5 f6 14. Bh2 Bf8
15. e5 Ng7 16. Rae1 Qe6 17. Qf4 g5 18. Qa4 b5 19. Qa5 Bd7 20. Ne4 Qf5 21. Nxc5
Be8 22. Qc3 Ne6 23. exf6 Qxc5 24. Qxc5 Nxc5 25. fxe7 Bxe7 26. Rxe7 h6 27. Rfe1
Bf7 28. Ne5 Bxa2 29. Nxc6 Rdc8 30. Nxa7 1-0

[Event "43. Olimpiada Batumi 2018 Femenina"]
[Site "Batumi GEO"]
[Date "2018.09.24"]
[Round "1.3"]
[White "Almaini, Aishah Sarhan"]
[Black "Nguyen, Thu Giang"]
[Result "1/2-1/2"]
[WhiteElo "1490"]
[BlackElo "2134"]
[PlyCount "76"]
[EventDate "2018.09.24"]
[EventType "team-swiss"]
[EventRounds "11"]
[EventCountry "GEO"]
[SourceTitle "Ajedrez en Madrid"]
[Source "lmi"]
[SourceDate "2018.09.24"]
[WhiteTeam "United Arab Emirates"]
[BlackTeam "Australia"]
[WhiteTeamCountry "UAE"]
[BlackTeamCountry "AUS"]

1. d4 Nf6 2. c4 e6 3. Nc3 Bb4 4. e3 O-O 5. Bd3 d5 6. Nge2 b6 7. a3 Bd6 8. e4
dxe4 9. Nxe4 Bb7 10. Bg5 Be7 11. Nxf6+ Bxf6 12. Bxf6 Qxf6 13. O-O Nc6 14. Be4
Rad8 15. Qd3 h6 16. Rad1 Rd7 17. Qe3 Rfd8 18. Bxc6 Bxc6 19. Rd2 Qg6 20. f3 Qg5
21. Qc3 h5 22. Ng3 Qg6 23. Qe3 h4 24. Ne4 h3 25. g3 f5 26. Ng5 e5 27. d5 f4 28.
gxf4 exf4 29. Qe6+ Qxe6 30. Nxe6 Re8 31. Nxf4 Ba4 32. Nxh3 Bb3 33. Rc1 Rf7 34.
Rd3 Ba4 35. Ng5 Rf5 36. Ne4 Ref8 37. Kg2 Be8 38. b4 Bg6 1/2-1/2

[Event "43. Olimpiada Batumi 2018 Femenina"]
[Site "Batumi GEO"]
[Date "2018.09.24"]
[Round "1.4"]
[White "Berezina, Irina"]
[Black "Mariam, Essa"]
[Result "1-0"]
[WhiteElo "2112"]
[BlackElo "1460"]
[PlyCount "85"]
[EventDate "2018.09.24"]
[EventType "team-swiss"]
[EventRounds "11"]
[EventCountry "GEO"]
[SourceTitle "Ajedrez en Madrid"]
[Source "lmi"]
[SourceDate "2018.09.24"]
[WhiteTeam "Australia"]
[BlackTeam "United Arab Emirates"]
[WhiteTeamCountry "AUS"]
[BlackTeamCountry "UAE"]

1. d4 d5 2. Nf3 e6 3. g3 c5 4. Bg2 Nc6 5. O-O cxd4 6. Nxd4 Bc5 7. Nb3 Bb6 8. a4
Nge7 9. Na3 O-O 10. c4 a6 11. c5 Ba7 12. Bd2 e5 13. Rc1 Be6 14. e3 Qd7 15. Nb1
Rac8 16. Nc3 Nb4 17. Nb5 Nd3 18. Nxa7 Ra8 19. Rb1 Rxa7 20. Ba5 Bf5 21. Bb6 Raa8
22. Nd2 Qc6 23. b4 Qg6 24. Nf3 Bg4 25. Nh4 Bxd1 26. Nxg6 fxg6 27. Rfxd1 e4 28.
Rd2 Nc6 29. Rxd3 exd3 30. Bxd5+ Kh8 31. f4 Rad8 32. Bxd8 Rxd8 33. Bxc6 bxc6 34.
Kf2 Kg8 35. Ke1 d2+ 36. Ke2 Kf7 37. Rd1 Rb8 38. Rxd2 Rxb4 39. Rd7+ Ke6 40. Rd6+
Kf5 41. Kf3 h5 42. h3 Rxf4+ 43. gxf4 1-0

[Event "43. Olimpiada Batumi 2018 Femenina"]
[Site "Batumi GEO"]
[Date "2018.09.24"]
[Round "1.1"]
[White "Zaksaite, Salomeja"]
[Black "Marzouk, Amira"]
[Result "1-0"]
[WhiteElo "2278"]
[BlackElo "1745"]
[PlyCount "33"]
[EventDate "2018.09.24"]
[EventType "team-swiss"]
[EventRounds "11"]
[EventCountry "GEO"]
[SourceTitle "Ajedrez en Madrid"]
[Source "lmi"]
[SourceDate "2018.09.24"]
[WhiteTeam "Lithuania"]
[BlackTeam "Tunisia"]
[WhiteTeamCountry "LTU"]
[BlackTeamCountry "TUN"]

1. e4 c5 2. Nf3 d6 3. d4 cxd4 4. Nxd4 Nf6 5. Nc3 g6 6. Be3 a6 7. Qd2 h5 8. f3
Nbd7 9. O-O-O b5 10. Kb1 Bb7 11. Bd3 Qc7 12. Rhe1 Bg7 13. h4 Nb6 14. f4 Nfd7
15. Bg1 Nc4 16. Qe2 e5 17. Ndxb5 1-0

[Event "43. Olimpiada Batumi 2018 Femenina"]
[Site "Batumi GEO"]
[Date "2018.09.24"]
[Round "1.2"]
[White "Miladi, Amen"]
[Black "Batyte, Daiva"]
[Result "0-1"]
[WhiteElo "1702"]
[BlackElo "2172"]
[PlyCount "104"]
[EventDate "2018.09.24"]
[EventType "team-swiss"]
[EventRounds "11"]
[EventCountry "GEO"]
[SourceTitle "Ajedrez en Madrid"]
[Source "lmi"]
[SourceDate "2018.09.24"]
[WhiteTeam "Tunisia"]
[BlackTeam "Lithuania"]
[WhiteTeamCountry "TUN"]
[BlackTeamCountry "LTU"]

1. e4 e6 2. d4 d5 3. Nd2 c5 4. c3 Nc6 5. Ngf3 Nf6 6. exd5 exd5 7. Bb5 Bd6 8.
Qe2+ Qe7 9. Qxe7+ Kxe7 10. dxc5 Bxc5 11. Nb3 Bb6 12. Bg5 h6 13. Bxf6+ Kxf6 14.
Rd1 Re8+ 15. Kf1 a6 16. Ba4 Be6 17. Nbd4 Rac8 18. h3 Re7 19. Kg1 Bd7 20. Nxc6
bxc6 21. Bc2 Re2 22. Rd2 Rce8 23. Bd3 Bxf2+ 24. Kh2 Rxd2 25. Nxd2 Be3 26. Rf1+
Ke7 27. Nb3 c5 28. Rf3 Kd6 29. Bxa6 f5 30. Na1 g5 31. Nc2 Bf4+ 32. g3 Bc1 33.
b4 c4 34. Nd4 f4 35. g4 Ra8 36. b5 Kc5 37. a4 h5 38. Rf1 Be3 39. Nf3 hxg4 40.
hxg4 Bxg4 41. Nxg5 Rh8+ 42. Kg2 Rg8 43. Nf3 Bf5+ 44. Kh1 Bd3 45. Ra1 Rg3 46.
Ne5 Be4+ 47. Kh2 Rg5 48. Nd7+ Kd6 49. Nf6 Bf3 50. Bc8 Rg6 51. Ne8+ Ke7 52. Nc7
Kd8 0-1

[Event "43. Olimpiada Batumi 2018 Femenina"]
[Site "Batumi GEO"]
[Date "2018.09.24"]
[Round "1.3"]
[White "Sibajeva, Marija"]
[Black "Chihi, Malek"]
[Result "1-0"]
[WhiteElo "1980"]
[BlackElo "1573"]
[PlyCount "56"]
[EventDate "2018.09.24"]
[EventType "team-swiss"]
[EventRounds "11"]
[EventCountry "GEO"]
[SourceTitle "Ajedrez en Madrid"]
[Source "lmi"]
[SourceDate "2018.09.24"]
[WhiteTeam "Lithuania"]
[BlackTeam "Tunisia"]
[WhiteTeamCountry "LTU"]
[BlackTeamCountry "TUN"]

1. e4 e5 2. Nf3 Nc6 3. Bb5 a6 4. Ba4 b5 5. Bb3 Bc5 6. c3 Nf6 7. O-O d6 8. d4
exd4 9. cxd4 Bb6 10. Bg5 h6 11. Bxf6 Qxf6 12. Bd5 Bb7 13. Qc1 Na5 14. Bxb7 Nxb7
15. Qc6+ Ke7 16. Qxb7 Rhd8 17. Nc3 Kf8 18. Nd5 Qe6 19. Nxb6 cxb6 20. Rfe1 Qf6
21. Qxb6 Rdc8 22. Rac1 Qe7 23. Rxc8+ Rxc8 24. Qxa6 Qd7 25. e5 d5 26. e6 fxe6
27. Qxe6 Qd8 28. Ne5 Qf6 1-0

[Event "43. Olimpiada Batumi 2018 Femenina"]
[Site "Batumi GEO"]
[Date "2018.09.24"]
[Round "1.4"]
[White "Meddeb, Chadha"]
[Black "Perminaite, Guoda"]
[Result "1-0"]
[WhiteElo "1619"]
[BlackElo "1840"]
[PlyCount "95"]
[EventDate "2018.09.24"]
[EventType "team-swiss"]
[EventRounds "11"]
[EventCountry "GEO"]
[SourceTitle "Ajedrez en Madrid"]
[Source "lmi"]
[SourceDate "2018.09.24"]
[WhiteTeam "Tunisia"]
[BlackTeam "Lithuania"]
[WhiteTeamCountry "TUN"]
[BlackTeamCountry "LTU"]

1. e4 e5 2. Nf3 Nc6 3. d4 exd4 4. Nxd4 Bb4+ 5. c3 Bc5 6. Be3 Bb6 7. Bc4 d6 8.
Nxc6 bxc6 9. Qf3 Qf6 10. Qg3 Ne7 11. O-O h6 12. Nd2 O-O 13. Rad1 d5 14. Bxb6
axb6 15. Bb3 Ra7 16. Rfe1 Be6 17. a3 Qg6 18. Qxg6 Nxg6 19. exd5 cxd5 20. Nf3 c6
21. Nd4 Bd7 22. Bc2 Re8 23. Rxe8+ Bxe8 24. Bxg6 fxg6 25. Re1 Kf7 26. f3 c5 27.
Nc2 Re7 28. Rxe7+ Kxe7 29. Kf2 Ke6 30. Ke3 Ba4 31. Ne1 g5 32. f4 Kf5 33. fxg5
Kxg5 34. b4 Kf5 35. bxc5 bxc5 36. Nd3 c4 37. Nc5 Bc6 38. Kd4 g5 39. a4 h5 40.
a5 h4 41. a6 Kg4 42. Ne6 Kf5 43. Nc7 Kg4 44. Nxd5 h3 45. Ne3+ Kh4 46. g3+ Kh5
47. Kxc4 Kg6 48. Kc5 1-0

[Event "43. Olimpiada Batumi 2018 Femenina"]
[Site "Batumi GEO"]
[Date "2018.09.24"]
[Round "1.1"]
[White "Hamoonga, Linda Banti"]
[Black "Unuk, Laura"]
[Result "0-1"]
[WhiteElo "1767"]
[BlackElo "2299"]
[PlyCount "86"]
[EventDate "2018.09.24"]
[EventType "team-swiss"]
[EventRounds "11"]
[EventCountry "GEO"]
[SourceTitle "Ajedrez en Madrid"]
[Source "lmi"]
[SourceDate "2018.09.24"]
[WhiteTeam "Zambia"]
[BlackTeam "Slovenia"]
[WhiteTeamCountry "ZAM"]
[BlackTeamCountry "SLO"]

1. d4 Nf6 2. c4 e6 3. Nc3 Bb4 4. Bd2 O-O 5. Nf3 d5 6. e3 Nbd7 7. a3 Be7 8. b4
c6 9. c5 Qc7 10. Be2 e5 11. dxe5 Nxe5 12. Nxe5 Qxe5 13. O-O Bf5 14. Rc1 Bd8 15.
Bf3 Bc7 16. g3 Bh3 17. Bg2 Bxg2 18. Kxg2 h5 19. h4 Ng4 20. Qf3 Rfe8 21. Nb1 Qe6
22. Bc3 Qg6 23. Bd4 Nh6 24. Kh1 Re4 25. Nd2 Rg4 26. Qg2 Nf5 27. Nf3 Nxg3+ 28.
fxg3 Rxg3 29. Qh2 Rxf3 30. Rxf3 Bxh2 31. Kxh2 Qg4 32. Rf4 Qe2+ 33. Kh1 g6 34.
Rcf1 f5 35. Rg1 Kf7 36. Rgf1 a5 37. Ra1 axb4 38. a4 Rxa4 39. Rxa4 Qd1+ 40. Kg2
Qxa4 41. Rf2 b3 42. Kg3 Qb4 43. Kf3 b6 0-1

[Event "43. Olimpiada Batumi 2018 Femenina"]
[Site "Batumi GEO"]
[Date "2018.09.24"]
[Round "1.2"]
[White "Janzelj, Lara"]
[Black "Bwalya Mulwale, Lubuuto"]
[Result "1-0"]
[WhiteElo "2254"]
[BlackElo "1607"]
[PlyCount "91"]
[EventDate "2018.09.24"]
[EventType "team-swiss"]
[EventRounds "11"]
[EventCountry "GEO"]
[SourceTitle "Ajedrez en Madrid"]
[Source "lmi"]
[SourceDate "2018.09.24"]
[WhiteTeam "Slovenia"]
[BlackTeam "Zambia"]
[WhiteTeamCountry "SLO"]
[BlackTeamCountry "ZAM"]

1. d4 Nf6 2. c4 e6 3. Nf3 d5 4. Nc3 Be7 5. Bf4 O-O 6. e3 b6 7. cxd5 exd5 8. Bd3
Bb7 9. h3 Nbd7 10. O-O c5 11. Rc1 a6 12. Bb1 Re8 13. dxc5 bxc5 14. Ne5 Bf8 15.
Nxd7 Qxd7 16. Bg5 Be7 17. Qc2 g6 18. Na4 Qc6 19. Nxc5 Rac8 20. Nxb7 Qxb7 21.
Qe2 Rc6 22. Rxc6 Qxc6 23. Bd3 Ra8 24. a3 a5 25. Bb5 Qc7 26. Rd1 Rd8 27. Bf4 Qc5
28. Be5 Rc8 29. Bd4 Qc2 30. Qxc2 Rxc2 31. Bd3 Rc8 32. Bc3 Ra8 33. f3 Nd7 34.
Bb5 Nf6 35. Bc6 Rc8 36. Bxd5 Nxd5 37. Rxd5 Bxa3 38. Rxa5 Bc5 39. Kf2 Bb6 40.
Rb5 Ba7 41. Ke2 Re8 42. e4 Rd8 43. h4 h5 44. Bf6 Rc8 45. Rb7 Bb8 46. Ke3 1-0

[Event "43. Olimpiada Batumi 2018 Femenina"]
[Site "Batumi GEO"]
[Date "2018.09.24"]
[Round "1.3"]
[White "Mututubanya, Portiah"]
[Black "Kaps, Darja"]
[Result "0-1"]
[WhiteElo "1505"]
[BlackElo "2148"]
[PlyCount "144"]
[EventDate "2018.09.24"]
[EventType "team-swiss"]
[EventRounds "11"]
[EventCountry "GEO"]
[SourceTitle "Ajedrez en Madrid"]
[Source "lmi"]
[SourceDate "2018.09.24"]
[WhiteTeam "Zambia"]
[BlackTeam "Slovenia"]
[WhiteTeamCountry "ZAM"]
[BlackTeamCountry "SLO"]

1. e4 c5 2. Nc3 e6 3. d3 Nc6 4. Nf3 a6 5. Be3 Qc7 6. a3 Nf6 7. Be2 Be7 8. O-O
Ng4 9. Qd2 Nd4 10. Bf4 Bd6 11. Bg3 Nxf3+ 12. Bxf3 Ne5 13. Qe2 b5 14. Bg4 Bb7
15. f4 Nxg4 16. Qxg4 g6 17. f5 Bxg3 18. Qxg3 Qxg3 19. hxg3 gxf5 20. exf5 Rg8
21. fxe6 fxe6 22. Ne2 Ke7 23. Rf4 Raf8 24. Raf1 Rxf4 25. Rxf4 Rg5 26. Rh4 Rg7
27. Kf2 Bc6 28. Ng1 a5 29. c3 d6 30. Nf3 Be8 31. d4 c4 32. Nd2 Bg6 33. Rg4 Rg8
34. Rg5 Rb8 35. Ke3 d5 36. Nf3 Kf6 37. Rg4 b4 38. axb4 axb4 39. Rf4+ Ke7 40.
Ne5 bxc3 41. Nxg6+ hxg6 42. bxc3 Rb3 43. Kd2 Rb2+ 44. Ke1 Rxg2 45. Rf3 g5 46.
Kf1 Rh2 47. Kg1 Rh6 48. Kg2 Rf6 49. Re3 g4 50. Kh2 Rf5 51. Kg2 Kf6 52. Kg1 e5
53. dxe5+ Rxe5 54. Kf2 Rxe3 55. Kxe3 Ke5 56. Kd2 d4 57. cxd4+ Kxd4 58. Kc2 Ke3
59. Kc3 Kf3 60. Kxc4 Kxg3 61. Kd3 Kf2 62. Ke4 g3 63. Kf4 g2 64. Ke4 g1=Q 65.
Kd5 Ke3 66. Ke5 Qg5+ 67. Ke6 Kd4 68. Kd6 Qf6+ 69. Kc7 Kc5 70. Kd7 Qf7+ 71. Kc8
Kc6 72. Kb8 Qb7# 0-1

[Event "43. Olimpiada Batumi 2018 Femenina"]
[Site "Batumi GEO"]
[Date "2018.09.24"]
[Round "1.4"]
[White "Vidic, Teja"]
[Black "Simenda, Daisy"]
[Result "1/2-1/2"]
[WhiteElo "2116"]
[BlackElo "1509"]
[PlyCount "117"]
[EventDate "2018.09.24"]
[EventType "team-swiss"]
[EventRounds "11"]
[EventCountry "GEO"]
[SourceTitle "Ajedrez en Madrid"]
[Source "lmi"]
[SourceDate "2018.09.24"]
[WhiteTeam "Slovenia"]
[BlackTeam "Zambia"]
[WhiteTeamCountry "SLO"]
[BlackTeamCountry "ZAM"]

1. e4 e5 2. Nf3 d6 3. d4 exd4 4. Nxd4 Nf6 5. Nc3 Be7 6. Be2 Bd7 7. O-O O-O 8.
Be3 Nc6 9. f3 a6 10. Re1 Nxd4 11. Qxd4 c5 12. Qd2 Qc7 13. Rad1 Rad8 14. a4 Be6
15. Nd5 Nxd5 16. exd5 Bf5 17. Bd3 Bxd3 18. Qxd3 Bf6 19. c3 c4 20. Qf1 b5 21.
axb5 axb5 22. Qf2 Ra8 23. Re2 h6 24. Bd4 Bxd4 25. Qxd4 Rfe8 26. Rde1 Rxe2 27.
Rxe2 Qd8 28. Kf2 Qg5 29. Re1 Ra2 30. Re2 Ra1 31. Qe4 g6 32. Qe8+ Kg7 33. Qe4
Rd1 34. g3 Rxd5 35. h4 Qh5 36. Kg2 Qf5 37. Qxf5 gxf5 38. Kf2 Kf6 39. Rc2 Ke5
40. Re2+ Kf6 41. Rc2 h5 42. Re2 Rd3 43. Kg2 d5 44. Kf2 d4 45. cxd4 Rxd4 46. Ke1
f4 47. Kf2 fxg3+ 48. Kxg3 Kf5 49. Rc2 Rd1 50. b3 Rd4 51. bxc4 Rxc4 52. Rd2 b4
53. Rd5+ Kg6 54. Rg5+ Kh6 55. Rb5 f6 56. Rb6 Kg6 57. Rb5 Rd4 58. Rb6 Kf7 59.
Rb5 1/2-1/2